000 00234nam a22001217a 4500
040 _cSY
082 _a658
100 _aKHIEV SOCHEAT
245 _aFinancial management
260 _aWestern
_bKHI
_c2006
300 _a38p.
942 _cKB
999 _c8892
_d8892